000 00502nam a22001817a 4500
003 UA-OsUOA
001 25608
007 ta
008 20040419b un ||||| |||| 00| 0 ukr d
100 _aТувім Юліан
942 _cSA
040 _aUA-OsUOA
_cUA-OsUOA
_dUA-OsUOA
245 _aІз книги " Слово і тіло " : [ Поезія ]
300 _aС.5-13
955 _a0
773 0 _w0
_tСучасність
_dКиїв
_d2004
_g№4
650 7 _aХудожня література
_2UDC
999 _c311906
_d311906